000 00622cam a2200217 4500500
005 20260405003342.0
041 _afre
042 _adc
100 1 0 _aPortevin, Catherine
_eauthor
245 0 0 _aLa Femme et l’Oiseau
260 _c2021.
500 _a50
690 _aChamane
690 _aFemme
690 _aGuerre
690 _aIsabelle Sorente
690 _aMémoire
690 _aSeconde Guerre mondiale
786 0 _nPhilosophie magazine | 152 | 9 | 2021-09-01 | p. 77-77 | 1951-1787
856 4 1 _uhttps://shs.cairn.info/magazine-philosophie-magazine-2021-9-page-77?lang=fr&redirect-ssocas=7080
999 _c2066757
_d2066757